|
|
|
|
| LEADER |
00000cam a2200000 7i4500 |
| 001 |
0000002150 |
| 005 |
20030102.0 |
| 090 |
0 |
0 |
|a R352.6309595
|b MAL 2002
|
| 110 |
1 |
0 |
|a MALAYSIA. Jabatan Perkhidmatan Awam
|
| 245 |
1 |
0 |
|a Pekeliling Perkhidmatan bilangan 8 tahun 2002 :
|b senarai kelayakan yang diiktiraf oleh kerajaan yang perlu digunakan dalam urusan perlantikan ke dalam perkhidmatan awam
|
| 260 |
0 |
0 |
|a Putrajaya :
|b Jabatan Perkhidmatan Awam ,
|c 2002
|
| 300 |
|
|
|a v, 1237 p. ;
|c 30 cm.
|
| 440 |
0 |
0 |
|a Pekeliling Perkhidmatan; bil. 8 Tahun 2002
|
| 650 |
0 |
0 |
|a Civil service
|z Malaysia
|
| 998 |
|
|
|a JPSM
|
| 999 |
|
|
|a 0000003654
|b Monograph
|c Reference
|e Default branch
|